Analar, yoldaşlar, tanrıçalar (Record no. 1874)

MARC details
000 -BAŞLIK
Sabit Uzunlukta Kontrol Alanı 00964na a2200301 4500
001 - KONTROL NUMARASI
Denetim Alanı 13163
003 - KONTROL NUMARASI IDENTIFIER
Denetim Alanı MIRAKIL
005 - SON İŞLEM TARİHİ VE ZAMANI
Denetim Alanı 20181213154837.0
008 - SABİT-BOY VERİ ELEMANLARI - GENEL BİLGİLER
Sabit Uzunlukta Kontrol Alanı 161025b tu 000 0
020 ## - ULUSLARARASI STANDART KİTAP NUMARASI
Uluslararası Standart Kitap Numarası 9789750504921
035 ## - SİSTEM KONTROL NUMARASI
Sistem Kontrol Numarası 13163
040 ## - KATALOGLAMA KAYNAK
Orijinal Kataloglama Ajansı Milas
Kataloglama Dili tur
Metne Dönüştürmek Ajansı TR-AnCHP
082 ## - DEWEY ONLU SINIFLANDIRMA NUMARASI
Sınıflandırma Numarası 305.309159
Ürün Numarası Ç23a 2009
090 ## - SINIFLAMA NUMARASI
Sınıflama Numarası 305.309159 Ç23a 2009
100 ## - ANA GİRİŞ - KİŞİSEL İSİM
Kişisel Ad Çağlayan, Handan
245 ## - BAŞLIK TABLOSU
Başlık Analar, yoldaşlar, tanrıçalar
Başlığın Kalan kürt hareketinde kadınlar ve kadın kimliğinin oluşumu
Sorumluluk Tablosu, Vb Handan Çağlayan
246 ## - UNVAN FORM VARYING
Başlık Doğru / Kısa Başlığı Kürt hareketinde kadınlar ve kadın kimliğinin oluşumu
250 ## - EDITION TABLOSU
Baskı Beyanı 2 bs.
260 ## - YAYIN, DAĞITIM, VB
Yayın, Dağıtım, Vb Yeri İstanbul
Yayıncı, Dağıtıcı, Vs Adı İletişim
Yayın, Dağıtım, Vb Tarihi 2009
300 ## - FİZİKSEL TANIM
Kapsam 278 s.
Boyutlar 21 sm.
490 ## - SERİSİ TABLOSU
Seri Beyanı İletişim yayınları
Hacim / Ardışık Tanımı 1229
490 ## - SERİSİ TABLOSU
Seri Beyanı Araştırma-İnceleme Dizisi
Hacim / Ardışık Tanımı 211
504 ## - KAYNAKÇA VB NOT
Kaynakça Vb Notu Kaynakça var.
650 ## - KONU KATMA GİRİŞ - TOPİKAL DÖNEM
Topikal Süreli Veya Coğrafi Ad Giriş Elemanı Feminizm
Genel Alt Bölümü Kimlik
Coğrafi Alt Bölümü Türkiye
650 ## - KONU KATMA GİRİŞ - TOPİKAL DÖNEM
Topikal Süreli Veya Coğrafi Ad Giriş Elemanı Kadınlar
Genel Alt Bölümü Siyasal katılım
Kronolojik Alt Bölümü Kürt hareketi
650 ## - KONU KATMA GİRİŞ - TOPİKAL DÖNEM
Topikal Süreli Veya Coğrafi Ad Giriş Elemanı Kadın hareketleri
942 ## - EKLENDİ GİRİŞ ELEMANLARI (KOHA)
Sınıflandırma Veya Raf Düzeni Kaynak Dewey Decimal Classification
Koha Öğesi Türü Books
999 ## - SİSTEM KONTROL NUMARALARI (KOHA)
Koha Biblionumber 1874
Koha Biblioitemnumber 1874
Holdings
Kalıcı Konum Mevcut Konum Edinme Tarihi Edinim Kaynak Toplam Check-Out'Lar Tam Çağrı Numarası Barkod Tarih Son Görülme İtibaren Geçerli Fiyatlar Koha Öğesi Türü
CHP Kütüphanesi CHP Kütüphanesi 08/09/2016 Bağış   305.309159 Ç23a 2009 000681 08/09/2016 08/09/2016 Books